Cazadores de la pradera : pigan, cheyenes, arápahos /

Sexto de los veinte volúmenes integrantes de El indio norteamericano (1907-30), obra en la que el fotógrafo y etnólogo Edward S. Curtis (1868-1952) empleó más de dos décadas de su vida y que es considerada uno de los estudios culturales más completos sobre los indígenas estadounidenses. Las ceremoni...

Повний опис

Збережено в:
Бібліографічні деталі
Автор: Curtis, Edward Sheriff (autor)
Формат: Книга
Мова:Іспанська
Опубліковано: Palma de Mallorca, España : José J. de Olañeta, 1993, c1993
Серія:(La Pipa Sagrada. El Indio Norteamericano ; 6)
Предмети:
Теги: Додати тег
Немає тегів, Будьте першим, хто поставить тег для цього запису!

MARC

LEADER 00000nam^a2200000^a^4500
001 000131527
005 20250521000000.0
009 20260310095026.552
020 |a 84-7651-103-5 
037 |a Acervo ITESO - Biblioteca 
041 |a ESP 
082 |a 306. 08997073  |b CUR V. 6 
100 |a Curtis, Edward Sheriff  |e (autor) 
240 1 4 |a [El indio norteamericano] 
245 1 0 |a Cazadores de la pradera :  |b pigan, cheyenes, arápahos /  |c E.S. Curtis ; tr. por Francesc Gutiérrez. 
264 4 |a Palma de Mallorca, España :  |b José J. de Olañeta,  |c 1993, c1993 
300 |a 218 p. 
336 |a texto  |b txt  |2 rdacontenido 
337 |a sin mediación  |b n  |2 rdamedio 
338 |a volumen  |b nc  |2 rdasoporte 
440 4 |a (La Pipa Sagrada.  |p El Indio Norteamericano ;  |v 6) 
500 |a Traducción de: The North American Indian. Being a Series of Volumes Picturing and Describing the Indians of the United States and Alaska 
520 |a Sexto de los veinte volúmenes integrantes de El indio norteamericano (1907-30), obra en la que el fotógrafo y etnólogo Edward S. Curtis (1868-1952) empleó más de dos décadas de su vida y que es considerada uno de los estudios culturales más completos sobre los indígenas estadounidenses. Las ceremonias, ritos y religión de los pigan; los cheyenes y los arápahos, tres agrupaciones de las llanuras del norte de Estados Unidos y las tres pertenecientes a la familia lingüística algonquina, son los referentes temáticos de esta sexta entrega. Curtis acompañó las descripciones con sus trabajos fotográficos –la obra reúne un total de 1503 fotografías- y las complementó con apéndices sobre vocabulario, canto y música de estos grupos indígenas. La editorial mallorquina José J. de Olañeta ha publicado una segunda serie, también dividida en veinte volúmenes, titulada Mitos, cuentos y leyendas de los indios norteamericanos, formada con los materiales narrativos de carácter mitológico y folklórico y las fotografías de El indio norteamericano. 
649 |a XX 
650 |a Cheyennes -  |x Fotografías 
650 |a Cheyennes -  |x Historia 
650 |a Cheyennes -  |x Condiciones Sociales y Culturales 
650 |a Algonquinos -  |x Fotografías 
650 |a Algonquinos -  |x Historia 
650 |a Algonquinos -  |x Condiciones Sociales y Culturales -  |x Tema Principal 
650 |a Indígenas de América del Norte -  |z EUA -  |x Fotografías 
650 |a Indígenas de América del Norte -  |z EUA -  |x Historia -  |y 1901-1919 
650 |a Indígenas de América del Norte -  |z EUA -  |x Historia -  |y Siglo XX 
650 |a Indígenas de América del Norte -  |z EUA -  |x Condiciones Sociales y Culturales -  |x Tema Principal 
650 |a Mitología Norteamericana 
650 |a Literatura Indígena -  |z EUA 
650 |a Literatura Folklórica -  |z EUA 
650 |a Literatura Norteamericana 
650 |a Ritos Religiosos -  |z EUA 
650 |a Religión -  |z EUA 
650 |a Música Indígena -  |z EUA -  |x Historia y Crítica 
650 |a Música Folklórica -  |z EUA -  |x Historia y Crítica 
650 |a Música Norteamericana -  |x Historia y Crítica 
650 |a Folklore -  |z EUA 
650 |a Prácticas Culturales -  |z EUA 
650 |a Fotografía Antropológica -  |z EUA 
650 |a Fotografía Científica -  |z EUA 
650 |a Fotografía Norteamericana -  |y Siglo XX 
650 |a Arte y Ciencia -  |z EUA 
650 |a Arte Norteamericano -  |y Siglo XX 
650 |a EUA -  |x Historia -  |y 1901-1919 
650 |a EUA -  |x Historia -  |y 1919-1933 
650 |a Etnología 
650 |a Antropología Cultural 
910 |a Fondo General 
920 |a Impresos - Libros 
930 |a Colección General 
905 |a 101 
901 |a 0500061297  |b IT1  |c ACC  |u 20250521 
902 |a https://opac.biblio.iteso.mx/vufind/Record/000131527